zpět

Detail výsledku týmu

Pěkná brynda ÚT, Beroun

Datum a čas kvízu

16 Celkem bodů Celkový počet nahraných bodů na tomto kvízu bez doplňovacích otázek.
4. Pořadí na kvízu Konečné umístění týmu na tomto kvízu.

Zaznamenané odpovědi

# Otázka Odpověď Body Výsledky
1. Ministerstvo zdravotnictví zve... od 9 let 0
2. Minulý týden byla předložena t... na Slovensku 1
3. TV Prima odtajnila soutěžící d... Daniela Brzobohatá (Písařovicová); Čestmír Strakatý 0
4. Jedna korejská automobilka zah... Kia; Jaromír Jágr 0.5
5. Minulý týden pobavila sociální... D) moucha (lezoucí po míčku) 1
6. Brukvovitá zelenina obsahuje s... brokolice 1
7. Rostlinu, jejíž kořen je bohat... smetánka 1
8. Nyní se ptáme na název koření,... pepř 1
9. Máta se využívá k podpoře tráv... peprná 1
10. Hřebíček je oblíbené koření vy... C) poupě 0